Guess The American Brands! #14 - Statistics

General Stats
  • This quiz has been taken 27 times
  • The average score is 13 of 20
Answer Stats
Picture Answer % Correct
AVIS
96%
Disney
96%
Tesla
92%
Wrangler
92%
Helena Rubinstein
88%
Accenture
85%
Arby's
85%
Energizer
85%
Tropicana
85%
Forum
81%
Juicy Couture
77%
Java
62%
Animal Planet
54%
BBVA
54%
Best Western
42%
Groupon
42%
HBO
35%
Lexmark
35%
TNT
31%
Philip Morris
23%
No matching quizzes found
Score Distribution
Percent of People with Each Score
Percentile by Number Answered
Your Score History
You have not taken this quiz